Geography Eleven - Statistics

General Stats
  • This quiz has been taken 119 times
  • The average score is 15 of 25
Answer Stats
Hint Answer % Correct
3) What is the capital of the Philippines? Manila
97%
4) How many countries constitute the Iberian Peninsula? 3 / three
96%
10a) The 'Chukchi Sea' (Sea of Chukotsk) lies between which 2 countries? USA / Alaska
94%
2a) Name the 4 countries whose names begin with 'LI'? Lithuania
91%
7) Which country's capital is Asuncion? Paraguay
91%
10b) " " Russia
89%
2b) " " Liechtenstein
78%
2d) " " Libya
76%
19) Which 'Great Lake' is situated entirely with the USA? Michigan
76%
2c) " " Liberia
75%
14) What is the only country that has a border with Czechia and Italy Austria
74%
11) What is the name of the sea between the west coast of England / Wales and the east coast of Ireland? Irish Sea
71%
13) How many African countries are landlocked? 16 / sixteen
65%
1) In which country is the pink sandstone, carved temple, pictured above? Jordan
64%
15) The most southerly part of the Caspian Sea is in which country? Iran
58%
16) What is the capital of Botswana? Gaborone
55%
6) Which 2 word country is an anagram of 'Safari Touch'? South Africa
52%
12) Which country has the second longest coastline in the world after Canada? Norway
51%
5b) " " Gulf of Suez
35%
8) Cotahuasi Canyon, the worlds deepest canyon at 3,354 m (11,004 ft) is located in which country? Peru
29%
17) Sfax is the second largest city in which African country? Tunisia
28%
9) What is situated at 23.437 degrees south? Tropic of Capricorn
24%
20) Which country's 2 word name is an anagram of .........'Certain Manhood'? North Macedonia
22%
5a) The northern end of the 'Red Sea' forms 2 gulfs, what are their names? Gulf of Aqaba
18%
18) Which country's flag has a black hat in the centre? Lesotho
10%
No matching quizzes found
Score Distribution
Percent of People with Each Score
Percentile by Number Answered
Your Score History
You have not taken this quiz